| 000 | 00739ngm a2200181 a 4500 | ||
|---|---|---|---|
| 005 | 20210223120651.0 | ||
| 008 | 991125s2000 mx 015 aaspa u | ||
| 035 | _aUPN01000005063 | ||
| 049 | _aAV | ||
| 050 | 4 | _aPVI H 0427 | |
| 245 | 0 | 0 |
_aAutofobia : _bel arte de conducir en la autopista, 2ê parte. |
| 260 |
_aMéxico : _bCentro Visual Educativo, _c[s.a.]. |
||
| 300 |
_a1 videocasete (VHS) (15 min.) : _bson., col. |
||
| 520 | _aMuestra una serie de recomendaciones en relación a las normas básicas para manejar automóviles y las precauciones necesarias para evitar accidentes, la información se presenta con dibujos animados | ||
| 650 | 4 |
_aAUTOMOVILES - _xCONDUCTORES _92965 |
|
| 650 | 4 |
_aAUTOPISTAS _93824 |
|
| 905 | _aAudiovisuales | ||
| 999 |
_c5063 _d5063 |
||